Music Quiz

Random Music or Billboard Quiz
Score 0/24 Timer 07:00
0 Plays Today
Time (Peaks) Song Title % Correct
0:24 - USA #1, Aus #2, UK #3Beat It
98.5%
2:01 - UK #6, Aus #9White Wedding
92.3%
0:00 - UK #2*, Aus #21999
91.5%
2:45 - UK #2*, USA #6, Aus #8Little Red Corvette
78.5%
1:53 - USA #5She Blinded Me With Science
77.7%
1:46 - UK #1, USA #4, Aus #4True
70.8%
1:22 - USA #5Der Kommissar
54.6%
2:53 - UK #2, USA #8, Aus #8(Keep Feeling) Fascination
54.6%
0:32 - USA #2Jeopardy
41.5%
1:14 - USA #3, Aus #5Overkill
41.5%
0:40 - UK #2, Aus #4, USA #10Church Of The Poison Mind
36.9%
2:26 - Aus #5Don't Pay The Ferryman
24.6%
Time (Peaks) Song Title % Correct
2:10 - UK #6Love Is A Stranger
23.8%
1:30 - UK #2Words
20%
3:11 - UK #8True Love Ways
16.9%
1:38 - UK #10Fields Of Fire (400 Miles)
13.8%
2:36 - Aus #8The Power And The Passion
13.1%
0:48 - UK #4Breakaway
10.8%
0:08 - UK #3Boxerbeat
9.2%
0:16 - UK #7Don't Talk To Me About Love
8.5%
3:03 - UK #7We Are Detective
8.5%
1:05 - UK #9Snot Rap
6.9%
0:57 - UK #7Ooh To Be Ah
3.8%
2:18 - UK #9The House That Jack Built
3.8%
Remove Ads.
Support Sporcle.
Get the best of Sporcle when you Go Orange. This ad-free experience offers more features, more stats, and more fun while also helping to support Sporcle. Thank you for becoming a member.

You're not logged in!

Compare scores with friends on all Sporcle quizzes.
OR
Log In

Sporcle TV

Today on Sporcle TV


Watch our educational content, quiz creation guides, and fun videos on Sporcle TV.

Show Comments

Extras

Top Quizzes Today


Score Distribution

Paid Content

Your Account Isn't Verified!

In order to create a playlist on Sporcle, you need to verify the email address you used during registration. Go to your Sporcle Settings to finish the process.

Report this User

Report this user for behavior that violates our Community Guidelines.

Details: